Tour de France 2019 - Statistiques

Statistiques générales
  • Ce quiz a été pris 226 fois
  • Le résultat moyen est 48 sur 176
Statistiques - réponses
Numéro dossards Réponse % Correct
2 Egan Bernal
92%
1 Geraint Thomas
91%
21 Julian Alaphilippe
85%
31 Romain Bardet
80%
51 Thibaut Pinot
80%
61 Nairo Quintana
77%
11 Peter Sagan
76%
53 David Gaudu
71%
62 Alejandro Valverde
69%
121 Daniel Martin
69%
191 Guillaume Martin
69%
86 Tony Martin
69%
211 Warren Barguil
69%
101 Adam Yates
64%
25 Enric Mas
64%
108 Simon Yates
64%
65 Mikel Landa
62%
41 Vincenzo Nibali
61%
161 Caleb Ewan
59%
28 Elia Viviani
57%
12 Emanuel Buchmann
57%
88 Wout Van Aert
57%
164 Thomas De Gendt
54%
193 Aime De Gendt
53%
91 Rigoberto Uran
53%
131 Richie Porte
50%
82 George Bennett
48%
6 Wout Poels
48%
87 Mike Teunissen
46%
84 Dylan Groenewegen
45%
3 Jonathan Castroviejo
45%
81 Steven Kruijswijk
45%
8 Dylan Van Baarle
43%
83 Laurens De Plus
43%
196 Yoann Offredo
43%
122 Fabio Aru
40%
171 Lilian Calmejane
40%
4 Michal Kwiatkowski
39%
105 Daryl Impey
38%
7 Luke Rowe
38%
107 Matteo Trentin
38%
57 Sébastien Reichenbach
38%
151 Christophe Laporte
37%
54 Stefan Küng
37%
76 Alexey Lutsenko
36%
215 André Greipel
36%
157 Stéphane Rossetto
36%
133 Giulio Ciccone
35%
38 Alexis Vuillermoz
34%
111 Greg Van Avermaet
34%
71 Jakob Fuglsang
34%
56 Rudy Molard
34%
35 Tony Gallopin
34%
67 Marc Soler
32%
126 Alexander Kristoff
31%
33 Benoit Cosnefroy
31%
32 Mickaël Chérel
31%
14 Patrick Konrad
31%
24 Yves Lampaert
31%
136 Bauke Mollema
30%
22 Kasper Asgreen
30%
168 Tim Wellens
30%
52 William Bonnet
30%
141 Michael Matthews
29%
26 Michael Mørkøv
28%
72 Pello Bilbao
28%
214 Elie Gesbert
27%
15 Gregor Mühlberger
27%
154 Jesus Herrada
27%
37 Oliver Naesen
27%
5 Gianni Moscon
26%
58 Anthony Roux
25%
162 Tiesj Benoot
25%
42 Damiano Caruso
24%
55 Matthieu Ladagnous
24%
195 Xandro Meurisse
24%
43 Sonny Colbrelli
23%
63 Andrey Amador
22%
23 Dries Devenyns
22%
46 Matej Mohoric
22%
16 Daniel Oss
21%
155 Anthony Perez
20%
178 Anthony Turgis
20%
181 Ilnur Zakarin
20%
132 Julien Bernard
20%
27 Maximiliano Richeze
20%
148 Nicolas Roche
20%
186 Nils Politt
20%
206 Roman Kreuziger
20%
124 Rui Costa
20%
73 Omar Fraile
19%
175 Romain Sicard
19%
114 Simon Geschke
19%
78 Luis Leon Sanchez
18%
113 Alessandro De Marchi
17%
68 Carlos Verona
17%
34 Mathias Frank
17%
18 Maxime Schachmann
17%
117 Michael Schär
17%
98 Michael Woods
17%
44 Rohan Dennis
17%
47 Dylan Theuns
16%
75 Gorka Izaguirre
16%
64 Imanol Erviti
16%
138 Jasper Stuyven
16%
216 Kévin Ledanois
16%
145 Lennard Kämna
16%
153 Nicolas Edet
16%
174 Paul Ourselin
16%
156 Pierre-Luc Périchon
16%
146 Wilco Kelderman
16%
92 Alberto Bettiol
15%
36 Alexis Gougeard
15%
103 Jack Haig
15%
128 Jasper Philipsen
15%
158 Julien Simon
15%
212 Maxime Bouet
15%
97 Tejay Van Garderen
15%
213 Anthony Delaplace
14%
201 Edvald Boasson Hagen
14%
208 Michael Valgren
14%
176 Rein Taaramäe
14%
197 Andrea Pasqualon
13%
77 Magnus Cort Nielsen
13%
66 Nelson Oliveira
13%
172 Niccolo Bonifazio
13%
177 Niki Terpstra
13%
125 Sergio Henao
13%
137 Toms Skujins
13%
106 Christopher Juul Jensen
12%
173 Fabien Grellier
12%
48 Jan Tratnik
12%
93 Simon Clarke
12%
217 Amaël Moinard
11%
205 Benjamin King
11%
218 Florian Vachon
11%
13 Marcus Burghardt
11%
166 Roger Kluge
11%
94 Tanel Kangert
11%
85 Amund Jansen
10%
143 Cees Bol
10%
135 Fabio Felline
10%
74 Hugo Houle
10%
45 Ivan Garcia Cortina
10%
163 Jasper De Buyst
10%
116 Joseph Rosskopf
10%
17 Lukas Pöstlberger
10%
102 Luke Durbridge
10%
152 Natnael Berhane
10%
188 Rick Zabel
10%
95 Sebastian Langeveld
10%
147 Soren Kragh Andersen
10%
123 Sven Erik Bystrøm
10%
127 Vegard Stake Laengen
10%
165 Jens Keukeleire
9%
144 Chad Haga
8%
185 Marco Haller
8%
167 Maxime Monfort
8%
104 Michael Hepburn
8%
142 Nikias Arndt
8%
207 Giacomo Nizzolo
7%
198 Kévin Van Melsen
7%
96 Tom Scully
7%
183 Alex Dowsett
6%
194 Christian Odd Eikking
6%
192 Frederik Backaert
6%
182 Jens Debusschere
6%
184 José Gonçalves
6%
134 Koen De Kort
6%
118 Lukasz Wisniowski
6%
203 Stephen Cummings
6%
187 Mads Würtz
5%
112 Patrick Bevin
5%
204 Reinardt Janse Van Rensburg
5%
202 Lars Bak Ytting
3%
115 Serge Pawels
3%
Aucun quiz correspondant
Distribution des résultats
% des personnes avec chaque résultat
Percentile par nombre de réponses
Votre historique - résultats
Vous n’avez pas pris ce quiz